<?xml version="1.0" encoding="UTF-8"?><?xml-stylesheet type="text/xsl" href="static/style.xsl"?><OAI-PMH xmlns="http://www.openarchives.org/OAI/2.0/" xmlns:xsi="http://www.w3.org/2001/XMLSchema-instance" xsi:schemaLocation="http://www.openarchives.org/OAI/2.0/ http://www.openarchives.org/OAI/2.0/OAI-PMH.xsd"><responseDate>2026-04-14T08:45:47Z</responseDate><request verb="GetRecord" identifier="oai:www.recercat.cat:10256/27927" metadataPrefix="marc">https://recercat.cat/oai/request</request><GetRecord><record><header><identifier>oai:recercat.cat:10256/27927</identifier><datestamp>2025-12-13T10:44:45Z</datestamp><setSpec>com_2072_452955</setSpec><setSpec>com_2072_2054</setSpec><setSpec>col_2072_453068</setSpec></header><metadata><record xmlns="http://www.loc.gov/MARC21/slim" xmlns:dcterms="http://purl.org/dc/terms/" xmlns:xsi="http://www.w3.org/2001/XMLSchema-instance" xmlns:doc="http://www.lyncode.com/xoai" xsi:schemaLocation="http://www.loc.gov/MARC21/slim http://www.loc.gov/standards/marcxml/schema/MARC21slim.xsd">
   <leader>00925njm 22002777a 4500</leader>
   <datafield ind2=" " ind1=" " tag="042">
      <subfield code="a">dc</subfield>
   </datafield>
   <datafield ind2=" " ind1=" " tag="720">
      <subfield code="a">Patiño Masó, Josefina</subfield>
      <subfield code="e">author</subfield>
   </datafield>
   <datafield ind2=" " ind1=" " tag="720">
      <subfield code="a">Puig Congost, Maria</subfield>
      <subfield code="e">author</subfield>
   </datafield>
   <datafield ind2=" " ind1=" " tag="260">
      <subfield code="c">2004</subfield>
   </datafield>
   <datafield ind2=" " ind1=" " tag="520">
      <subfield code="a">Este artículo aporta una reflexión en torno a la necesidad de crear una especialidad de Enfermería que contemple, con un perfil propio e independiente, el cuidado enfermero dirigido a la población infantil y juvenil. Aunque dicja especialidad se hace necesaria hoy en día para todos aquellos profesionales enfermeros que trabajan en el campo de la infancia y de la adolescencia, se refirer específicamente al ámbito de Atención Primaria. Sin embargo, resulta obvio que muchos de los elementos argumentativos que se exponen son igualmente válidos y defendibles por los enfermeros que desarrollan su profesión en otros niveles asistenciales relacionados con dicho grupo de población. Se resumen algunos aspectos legales más significativos sobre el desarrollo de las especialidades de Enfermería en España, y concretamente sobre la Enfermería Pediátrica hasta la actualidad. Se aportan elementos de valoración y discusión sobre la importancia que tiene el hecho de que sean los enfermeros especialistas en infancia y adolescencia quienes lleven a cabo el cuidado del niño y adolescente desde un punto de vista sanitario, proporcionando de este modo una atención de calidad acorde con los cambios de la sociedad actual, las demandas planteadas por los uauarios/pacentes y sus familias, teniendo en cuenta los recursos disponibles para atenderlas</subfield>
   </datafield>
   <datafield ind1="8" ind2=" " tag="024">
      <subfield code="a">http://hdl.handle.net/10256/27927</subfield>
   </datafield>
   <datafield tag="653" ind2=" " ind1=" ">
      <subfield code="a">Infermeria pediàtrica</subfield>
   </datafield>
   <datafield tag="653" ind2=" " ind1=" ">
      <subfield code="a">Pediatric nursing</subfield>
   </datafield>
   <datafield ind2="0" ind1="0" tag="245">
      <subfield code="a">Cuidados enfermeros dirigidos a la infancia y adolescencia: la necesidad de una especialidad propia e independiente</subfield>
   </datafield>
</record></metadata></record></GetRecord></OAI-PMH>